000 00898nam a2200253Ia 4500
003 OSt
005 20220923213249.0
006 a|||||r|||| 00| 0
007 ta
008 220922b |||||||| |||| 00| 0 hin d
024 _a160,277
037 _cTextual
040 _aARTS
_cARTS
_bhin
041 _2hin
_ahin
082 _aO152,1:gL, L8
100 _aपाठक, जितेंन्द्र नाथ
_9158572
245 0 _aहिंदी मुक्तक काव्य का विकास
246 _aHiandī muktak kāvya kā vikāsa
260 _c1958
490 _aआरभ से उन्नीसवीं विक्रमीय शताब्दी तक
650 _aहिन्दी साहित्य
_9156264
942 _hO152,1:gL, L8
_cTEXL
_2CC
999 _c315024
_d315024